Automatizált, viselkedésalapú célzott hirdetések az online kommunikációban

Bibliográfiai részletek
Szerző: Csingár Zoltán
További közreműködők: Eszes Dr. István
Dokumentumtípus: Diplomadolgozat
Kulcsszavak:Online reklám
Hirdetés
Online Access:http://dolgozattar.uni-bge.hu/4684

MARC

LEADER 00000nta a2200000 i 4500
001 dolg4684
005 20160602150924.0
008 151214suuuu hu om 000 hun d
040 |a BGE Dolgozattár Repozitórium  |b hun 
041 |a hu 
100 1 |a Csingár Zoltán 
245 1 0 |a Automatizált, viselkedésalapú célzott hirdetések az online kommunikációban  |c Csingár Zoltán  |h [elektronikus dokumentum] 
246 1 1 |a Automatizált, viselkedésalapú célzott hirdetések az online kommunikációban 
695 |a Online reklám 
695 |a Hirdetés 
700 1 |a Eszes Dr. István  |e ths 
856 4 0 |u http://dolgozattar.uni-bge.hu/4684/1/Szakdolgozat.pdf  |z Dokumentum-elérés